MDQL
is popping MORE tags! Check the
thread
!
Quizzes
Events
Quiz Creation
Community
Videos
Private Events
Remove Ads
Sign In
Join for FREE
Feedback
Dark Mode
Quiz Categories
Sports
Geography
Music
Movies
Television
Just For Fun
Miscellaneous
History
Literature
Language
Science
Gaming
Entertainment
Religion
Holiday
For Kids
Quiz Lab
Recent
Popular Today
Quiz Kudos Today
Editor Picks
Curator Picks
Quizzes by...
Day
Popularity
Type
Ratings
Length
Year
Community
Subscriptions
Recent Discussions
Orange Saloon
Badges
Playlists
Quests
Create
Leaderboards
Showdown
Live 5
Trivia Bingo
Activity
Puzzle Library
Sporcle Events
Private Events
Virtual Trivia
Globe League
Become a Host
Pub Owners
SporcleCon
Opinionation
Our Games
Videos
Blog
Mobile Apps
Partnerships
Remove Ads and Go Orange
Feedback
Just For Fun
Clickable
Get the Picture
Humor
Quick Pick
Word Ladder
Missing Word
Mixed Word
Blitz
Minefield
This or That
Alphabet
Color
Typing
Sporcle
Puzzle
Word Play
Follow That Line
Logic
Just For Fun
Clickable
Get the Picture
Humor
Quick Pick
Word Ladder
Missing Word
Mixed Word
Blitz
Minefield
This or That
Alphabet
Color
Typing
Sporcle
Puzzle
Word Play
Follow That Line
Logic
Random Quiz
Search Sporcle
×
Quiz Lab
Quiz Lab
Just For Fun
Breed
Type in answers that appear in a list
Type in answers that appear in a list
Classic
Best Score? Go Orange.
Dog Breeds Stats
Can you name the Dog Breeds??
By
clairebear9
11m
64 Questions
32 Plays
32 Plays
32 Plays
Comments
Comments
Give Quiz Kudos
Give Quiz Kudos
-
- Ratings
hide this ad
More Info
Random Order
Randomize order of answers
Randomize order of answers
Replay
Link that replays current quiz
Next Quiz
Link to next quiz in quiz playlist
You Got
0%
They Got
Avg Score
40%
Avg Friend Score
Upgrade to see
Score Distribution
Jump to the score distribution portion of the page
Score
0/64
Timer
11:00
0
Plays Today
dog breeds
% Correct
Lab
84.4%
bulldog
75%
golden retriever
71.9%
pug
71.9%
german shepherd
68.8%
poodle
68.8%
doberman
65.6%
border collie
65.6%
husky
62.5%
chihuahua
62.5%
dalmatian
59.4%
collie
59.4%
cocker spaniel
56.3%
chow chow
53.1%
pomeranian
53.1%
mastiff
53.1%
rottweiler
53.1%
boxer
53.1%
greyhound
53.1%
great dane
53.1%
pekingese
53.1%
yorkshire terrier
50%
bloodhound
50%
beagle
46.9%
dachshund
46.9%
newfoundland
46.9%
basset hound
46.9%
afghan hound
46.9%
shar-pei
43.8%
akita
43.8%
shetland sheepdog
43.8%
australian shepherd
40.6%
dog breeds
% Correct
bernese mountain dog
37.5%
papillon
37.5%
french bulldog
37.5%
cairn terrier
37.5%
scottish terrier
37.5%
old english sheepdog
37.5%
pitbull
37.5%
maltese
37.5%
jack russell
34.4%
shiba inu
34.4%
saint bernard
34.4%
boston terrier
34.4%
samoyed
31.3%
australian cattle dog
28.1%
german shorthaired pointer
28.1%
miniature schnauzer
25%
borzoi
25%
lhasa apso
25%
pembroke welsh corgi
21.9%
basenji
21.9%
brittany
21.9%
cavalier king charles spaniel
18.8%
giant schnauzer
15.6%
staffordshire terrier
15.6%
australian terrier
15.6%
leonberger
12.5%
toy poodle
9.4%
alaskan malmute
6.3%
minature pinscher
3.1%
**** zu
3.1%
alaskan eskimo
3.1%
chesapeak bay
3.1%
Quiz Playlist
Details
Report
Send in Message
Add To Playlist
More Info:
take the quiz!!1
Classic:
Type in answers that appear in a list
Random Order:
Randomize order of answers
Last Updated: Feb 16, 2017
Quiz Scoreboard
CHALLENGE
Sign Up to Join the Scoreboard
Show All
Scores
Hide
Comments
May contain spoilers
Recently Published
Two Season TV Shows II
by 123Four
Television
10m
Image Sorting: Flags VI
by Barbecue
Geography
2m
Find the 'City' Movie
by crazypaving
Movies
60s
More to Explore
Quiz From the Vault
Featured Blog Post
14 Easter Pick-up Lines to Find Eggs With
hide this ad
You Might Also Like...
Tags
Breed
dog
Today's Top Quizzes in Just For Fun
Browse Just For Fun
hide this ad
Today's Top Quizzes in Breed
Browse Breed
Top Contributed Quizzes in Just For Fun
1
Name Just One - 10 to 1: Just For Fun
2
Missing Word: 2-Letter A-Z II
3
Avatar the Last Airbender: Logic Puzzle
4
Missing Letter Whitney Houston Songs
5
Missing Word: 'Of' Things A-Z
6
It's Magic / Witchcraft 🎩🪄🧙♀️
7
Survivor Winners Logic Puzzle
8
Eurovision 2024 Countries Logic Puzzle
9
Killer Double Trees 224 - Colour Match-Up
10
Click the Differences: Playground
Explore More
Trending Topics
Marvel
Disney
Anime
NBA
Kpop
Crossword
Harry Potter
Song
Pokémon
The Office
Puzzle
NFL
WWE
Soccer
Country
hide this ad
More By:
clairebear9
Quiz
Plays
Rating
Category
Featured
Created
Bowser's Inside Story quiz
206
1.00
Just For Fun
Apr 6, 2011
Unscramble the Animal
108
1.00
Just For Fun
Apr 22, 2011
The Spongebob Quiz
100
3.00
Just For Fun
Apr 6, 2011
Antonym of Song Title
77
1.00
Music
Apr 22, 2011
Dog Breeds
32
1.50
Just For Fun
Apr 4, 2011
Go to Creator's Profile
Score Distribution
Quiz Creator Spotlight
clairebear9
Follow
Send a Message
Quizzes Created
-
Created Quiz Play Count
-
More By This Creator
Popular Quizzes Today
1
Find the US States - No Outlines Minefield
2
Colored Red Africa Blitz
3
Find the 'City' Movie
4
5x2 Blitz: Bands
5
The Countries of the World
6
Find the Countries of Europe - No Outlines Minefield
7
Find the US States
8
US States
More Just For Fun Quizzes
Word Ladder: How the Vote Split
Published
Trending Quizzes
Colored Red Europe Blitz I
Colored Red Africa Blitz II
Colored Red Europe Blitz II
Colored Red Europe Blitz III
Colored Red Africa Blitz III
Recently Updated
How Do You Spell That?
pecheneg
Godzilla Movies
pecheneg
Grab Bag: 4-10 Letters
pecheneg
2024 March Madness Bracket
pecheneg
Famous TV Couples
Peacemaker
Champions League XIs: Real Madrid
pecheneg
Largest US Cities 1790-2010
pecheneg
Rides in Walt Disney World
pecheneg
Most Oscar Losses (Acting)
pecheneg
Beyoncé Albums
pecheneg
Trending Topics
Kpop
Crossword
Harry Potter
Marvel
NBA
Anime
Disney
NFL
Puzzle
Song
Soccer
Pokémon
The Office
WWE
Country
Your Account Isn't Verified!
In order to create a playlist on Sporcle, you need to verify the email address you used during registration. Go to your
Sporcle Settings
to finish the process.
Report this User
Report this user for behavior that violates our
Community Guidelines
.
Details:
Send Report
Go to the Sporcle.com Mobile Site →
Comments